Romance /

Hlavní autor: Blexbolex, 1966-
Jazyk: Čeština
Vydáno: Praha : Baobab, 2013
Témata:
Fyzický popis: [282] s. : barev. il. ; 19 cm
Knihy
Uloženo v:
LEADER 01353cam a2200421 a 4500
001 nkc20132528204
003 CZ PrNK
005 20200820144025.0
007 ta
008 131112s2013 xr a c 000 1 cze d
015 |a cnb002528204 
020 |a 978-80-87060-76-6  |q (váz.) 
035 |a (OCoLC)876340771 
040 |a ULG001  |b cze  |d OLA001  |d ABA001 
041 1 |a cze  |h fre 
072 7 |a 821-93  |x Literatura pro děti a mládež (beletrie)  |2 Konspekt  |9 26 
080 |a 821-93  |2 MRF 
080 |a 821-32  |2 MRF 
080 |a 741+76  |2 MRF 
080 |a (0:82-32)  |2 MRF 
080 |a (0.027.6)74/77  |2 MRF 
100 0 |a Blexbolex,  |d 1966-  |7 jo2009532165  |4 aut  |4 ill 
245 1 0 |a Romance /  |c Blexbolex ; [přeložila Tereza Horváthová] 
260 |a Praha :  |b Baobab,  |c 2013 
300 |a [282] s. :  |b barev. il. ;  |c 19 cm 
500 |a Přeloženo z francouzštiny? 
655 7 |a autorské knihy  |7 fd756049  |2 czenas 
655 7 |a příběhy  |7 fd133204  |2 czenas 
655 7 |a publikace pro děti  |7 fd133156  |2 czenas 
655 9 |a authors' books  |2 eczenas 
655 9 |a stories  |2 eczenas 
655 9 |a children's literature  |2 eczenas 
910 2 |a BOA001  |b 1-1319.333 
928 9 |a Baobab&GplusG 
990 |a BK 
995 |a 01 
991 |b 201402  |e db 
996 6 |b 2610579213  |c 1-1319.333  |l MZK  |r Sklad / do 1 hodiny  |n 3  |p p.v.  |w 001397581  |u 000010  |a 1  |e BOA001  |j MZK50  |s P